| 000 | 00534cam a2200205ua 4500 | ||
|---|---|---|---|
| 001 | 11514 | ||
| 005 | 20260515114748.0 | ||
| 008 | 190926n ii |||gr||||Z||||||eng | ||
| 020 | _a9789332535749 | ||
| 040 | _cMAIN | ||
| 082 | _a954.052 | ||
| 100 |
_aSumit Sarkar . , _eAuthor. |
||
| 245 |
_aModern India : _b1885-1947 / _cBy Sumit Sarkar . |
||
| 250 | _a11th ed. | ||
| 260 |
_aUttar Pradesh: _bDorling Kindersley, _c2018. |
||
| 300 | _a424p. | ||
| 653 | _aSouth Asia India | ||
| 653 | _aHistory of Modern India | ||
| 942 | _cBK | ||
| 999 |
_c10327 _d10327 |
||